Marketing súbor statí
Na minha lista:
| Autor principal: | |
|---|---|
| Outros Autores: | , , , , |
| Formato: | Livro |
| Idioma: | eslovaco |
| Publicado em: |
Bratislava
Ekonomická univerzita
1996
|
| Edição: | 1. vyd. |
| Assuntos: | |
| Tags: |
Sem tags, seja o primeiro a adicionar uma tag!
|
MARC
| LEADER | 00000nam a2200000 4500 | ||
|---|---|---|---|
| 001 | c017229 | ||
| 005 | 20240502071311.5 | ||
| 020 | |a 80-225-0811-X | ||
| 041 | 0 | |a slo | |
| 044 | |a SK | ||
| 245 | 1 | 0 | |a Marketing |b súbor statí |c Dagmar Lesáková a kol. |
| 250 | |a 1. vyd. | ||
| 264 | 1 | |a Bratislava |b Ekonomická univerzita |c 1996 | |
| 300 | |a 181 s. | ||
| 610 | 2 | 0 | |a marketing |
| 610 | 2 | 0 | |a stratégia marketingová |
| 610 | 2 | 0 | |a marketing mix |
| 610 | 2 | 0 | |a manažment |
| 610 | 2 | 0 | |a trh |
| 610 | 2 | 0 | |a výskum trhu |
| 610 | 2 | 0 | |a distribúcia |
| 610 | 2 | 0 | |a výrobky |
| 610 | 2 | 0 | |a systémy informačné |
| 100 | 1 | |a Lesáková, Dagmar, 1949- | |
| 700 | 1 | |a Daňo, Ferdinand, 1959- | |
| 700 | 1 | |a Richterová, Kornélia | |
| 700 | 1 | |a Vávra, Viktor | |
| 700 | 1 | |a Lesáková, Ľubica | |
| 700 | 1 | |a Rajt, Štefan | |